000 00447nam a2200181Ia 4500
008 230524s9999 xx 000 0 und d
020 _a9788173172045
082 _bSIN
100 _aVishnu P.Singh
_942707
245 0 _aComputer Hardware Course
250 _a1
260 _aNew Delhi
_bComputech Publi.
_c2016
300 _a344p;
500 _aQuantity Number: 1
650 _aComp-Sc
700 _a Meenakshi Singh
_942708
942 _cBK
999 _c57694
_d57694